000 00960cam a22003017a 4500
003 CHAP
005 20220817043346.0
008 971013s1972 r 00010 d
010 _a73075
011 _a74047
035 _a83605
040 _cCHAP
090 _aTesis
100 0 0 _aCapó Arteaga, Miguel Angel.
_918719
245 0 _aObservaciones sobre la taxonomía y distribución de las coníferas de Nuevo León, México
260 _aMonterrey, N. L. :
_bEl autor,
_c1972
300 _a190 h.
_b: ilus. ; mapas
502 _aTesis (Biólogo) -- Univ. Autónoma de Nuevo León
590 _aALEPH
_b10
_c20130110
_lUCH01
_h1415
590 _aBATCH-UPD
_b10
_c20130110
_lUCH01
_h1800
590 _aBATCH-UPD
_b10
_c20130410
_lUCH01
_h1136
590 _aBATCH-UPD
_b10
_c20130914
_lUCH01
_h1034
590 _aCONVERSION
_b10
_c20130109
_lUCH01
_h1340
650 1 4 _aConíferas.
901 _aBK
942 _cTESIS
949 _bBC
_cTES
_d-38259
_eTS1
_i83605
_si
999 _c73075
_d73075